00378nam a2200121 a 450000100100000000500170001000800410002704000250006808200230009324500480011626000620016430000300022600003366320200930070426.0110905s1936 dr g 000 0 spa d aDO-SdBNPbspacBNPHU axxxxxxxxcxxxxxxxx00aAlbum musical de composiciones dominicanas. aCiudad Trujillo, República Dominicana :b[s.n.],c1936. a18 p. :bmús. ;c27 cm.